Relational Database Management System (Record no. 39388)

MARC details
000 -LEADER
fixed length control field 00505nam a2200193Ia 4500
008 - FIXED-LENGTH DATA ELEMENTS--GENERAL INFORMATION
fixed length control field 220531s9999 xx 000 0 und d
041 ## - LANGUAGE CODE
Language code of text/sound track or separate title eng
082 ## - DEWEY DECIMAL CLASSIFICATION NUMBER
Classification number -
Item number KHO / BHA
100 ## - MAIN ENTRY--PERSONAL NAME
Personal name Khobragade, K. / Bharambe, M. G.
9 (RLIN) 70313
245 ## - TITLE STATEMENT
Title Relational Database Management System
250 ## - EDITION STATEMENT
Edition statement 1ST
260 ## - PUBLICATION, DISTRIBUTION, ETC. (IMPRINT)
Place of publication, distribution, etc. Pune
Name of publisher, distributor, etc. Nirali
Date of publication, distribution, etc. 2014
300 ## - PHYSICAL DESCRIPTION
Extent A-10
542 ## - INFORMATION RELATING TO COPYRIGHT STATUS
Copyright holder 09-07-2015
551 ## -
-- Computer Science
-- Non-grant-CS
650 ## - SUBJECT ADDED ENTRY--TOPICAL TERM
Topical term or geographic name as entry element DBMS
9 (RLIN) 70314
906 ## - LOCAL DATA ELEMENT F, LDF (RLIN)
d 2015-2016
Holdings
Withdrawn status Lost status Source of classification or shelving scheme Damaged status Not for loan Collection code Home library Current library Date acquired Vendor Cost, normal purchase price Total Checkouts Total Holds Full call number Barcode Date last seen Bill Date Koha item type Original Barcode
Withdrawn   Dewey Decimal Classification       Shri Siddhivinayak Mahila Mahavidyalaya Shri Siddhivinayak Mahila Mahavidyalaya 22/07/2015 Nirali 150.00   5 -/KHO / BHA/B/20856 SSMM-BK-20856 06/08/2022 06/08/2022 Books 010020856